|
|
|
|
| LEADER |
00000nam0a2200000 4500 |
| 001 |
345060 |
| 005 |
20231102005730.0 |
| 010 |
|
|
|a 9785905217579
|
| 035 |
|
|
|a (RuTPU)RU\TPU\book\376869
|
| 090 |
|
|
|a 345060
|
| 100 |
|
|
|a 20200720d2020 m y0rusy50 ca
|
| 101 |
0 |
|
|a rus
|
| 102 |
|
|
|a RU
|
| 105 |
|
|
|a a j 001zy
|
| 200 |
1 |
|
|a Влияние примесей и микролегирования на структуру и эксплуатационные свойства монокристаллов жаропрочных никелевых сплавов
|e учебное пособие для магистрантов
|f В. В. Сидоров, Д. Е. Каблов, Е. Б. Чабина [и др.]
|g Всероссийский научно-исследовательский институт авиационных материалов (ВИАМ) ; под ред. Е. Н. Каблова
|
| 210 |
|
|
|a Москва
|c Изд-во ВИАМ
|d 2020
|
| 215 |
|
|
|a 336 с.
|c ил.
|
| 320 |
|
|
|a Библиография в конце глав
|
| 330 |
|
|
|a В учебном пособии обобщены результаты научно-исследовательских работ, проведенных совместно сотрудниками ВИАМ и МГТУ им. Н.Э. Баумана. Особое внимание уделено влиянию примесных элементов и специальных микролегирующих добавок щелочноземельных и редкоземельных элементов на технологические и эксплуатационные свойства монокристаллических жаропрочных никелевых сплавов. Представленные результаты исследований будут полезны широкому кругу специалистов в области металлургии и материаловедения жаропрочных никелевых сплавов, работникам металлургических и моторостроительных предприятий, а также аспирантам и студентам соответствующих специальностей.
|
| 606 |
1 |
|
|a Никелевые сплавы
|2 stltpush
|3 (RuTPU)RU\TPU\subj\72589
|9 86030
|
| 610 |
1 |
|
|a монокристаллические жаропрочные никелевые сплавы
|
| 610 |
1 |
|
|a примеси
|
| 610 |
1 |
|
|a микролегирующие добавки
|
| 610 |
1 |
|
|a качество
|
| 610 |
1 |
|
|a обеспечение
|
| 610 |
1 |
|
|a теоретические основы
|
| 610 |
1 |
|
|a технологические основы
|
| 610 |
1 |
|
|a монокристаллы
|
| 610 |
1 |
|
|a свойства
|
| 610 |
1 |
|
|a влияние
|
| 610 |
1 |
|
|a расплавы
|
| 610 |
1 |
|
|a фильтрация
|
| 610 |
1 |
|
|a исследование
|
| 610 |
1 |
|
|a учебные пособия
|
| 675 |
|
|
|a 669.245(075.8)
|v 4
|
| 701 |
|
1 |
|a Сидоров
|b В. В.
|g Виктор Васильевич
|
| 701 |
|
1 |
|a Каблов
|b Д. Е.
|g Дмитрий Евгеньевич
|
| 701 |
|
1 |
|a Чабина
|b Е. Б.
|g Елена Борисовна
|
| 701 |
|
1 |
|a Оспенникова
|b О. Г.
|g Ольга Геннадиевна
|
| 701 |
|
1 |
|a Симонов
|b В. Н.
|g Виктор Николаевич
|
| 701 |
|
1 |
|a Пучков
|b Ю. А.
|g Юрий Александрович
|
| 702 |
|
1 |
|a Каблов
|b Е. Н.
|4 340
|
| 712 |
0 |
2 |
|a Всероссийский научно-исследовательский институт авиационных материалов (ВИАМ)
|c (Москва)
|2 stltpush
|3 (RuTPU)RU\TPU\col\14642
|
| 801 |
|
1 |
|a RU
|b 63413507
|c 20200720
|
| 801 |
|
2 |
|a RU
|b 63413507
|c 20201211
|g RCR
|
| 942 |
|
|
|c BK
|